SURVEYING [ VOL-II] (Record no. 4906)

MARC details
000 -LEADER
fixed length control field 00463nam a22001817a 4500
005 - DATE AND TIME OF LATEST TRANSACTION
control field 20251110133949.0
008 - FIXED-LENGTH DATA ELEMENTS--GENERAL INFORMATION
fixed length control field 160630b xxu||||| |||| 00| 0 eng d
020 ## - INTERNATIONAL STANDARD BOOK NUMBER
ISBN 81-7008-853-4
041 ## - LANGUAGE CODE
Language code of text/sound track or separate title eng
082 ## - DEWEY DECIMAL CLASSIFICATION NUMBER
Item number 19645
100 ## - MAIN ENTRY--AUTHOR NAME
Personal name PUNMIA, DR. B.C. & JAIN, ER. ASHOK K AND JAIN, DR. ARUN K.
245 ## - TITLE STATEMENT
Title SURVEYING [ VOL-II]
250 ## - EDITION STATEMENT
Edition statement 15 TH ED.
260 ## - PUBLICATION, DISTRIBUTION, ETC. (IMPRINT)
Name of publisher Laocine
Year of publication 2014
300 ## - PHYSICAL DESCRIPTION
Number of Pages 530;P
650 ## - SUBJECT ADDED ENTRY--TOPICAL TERM
Topical Term Diploma Engineering
942 ## - ADDED ENTRY ELEMENTS (KOHA)
Koha item type Books
Holdings
Lost status Damaged status Home library Current library Shelving location Date acquired Cost, normal purchase price Full call number Accession Number Koha item type Collection code
    JRU Library   SHELF-88-B 30/06/2016 495.00 19645 19645 Books  
    JRU Library   SHELF-88-B 30/06/2016 495.00 19645 19646 Books  
    JRU Library JRU Library SHELF-88-A 30/06/2016 495.00 19645 19647 Books MINING
    JRU Library JRU Library SHELF-88-A 30/06/2016 495.00 19645 19648 Books MINING
    JRU Library JRU Library SHELF-88-B 30/06/2016 495.00 19645 19649 Books MINING
    JRU Library JRU Library SHELF-88-B 30/06/2016 495.00 19645 19650 Books MINING
    JRU Library JRU Library SHELF-88-A 30/06/2016 495.00 19645 19651 Books MINING
    JRU Library JRU Library SHELF-88-B 30/06/2016 495.00 19645 19652 Books MINING
    JRU Library   SHELF-88-B 30/06/2016 495.00 19645 19653 Books  
    JRU Library   SHELF-88-B 30/06/2016 495.00 19645 19654 Books  
    JRU Library JRU Library SHELF-88-B 30/06/2016 495.00 19645 19655 Books MINING
    JRU Library JRU Library SHELF-88-B 30/06/2016 495.00 19645 19656 Books MINING
    JRU Library   SHELF-88-B 30/06/2016 495.00 19645 19657 Books  
    JRU Library   SHELF-88-A 30/06/2016 495.00 19645 19658 Books  
    JRU Library JRU Library SHELF-88-B 30/06/2016 495.00 19645 19659 Books MINING
    JRU Library   SHELF-88-A 30/06/2016 495.00 19645 19660 Books Reference
    JRU Library JRU Library SHELF-88-B 30/06/2016 495.00 19645 19661 Books MINING
    JRU Library   SHELF-88-A 30/06/2016 495.00 19645 19662 Books  
    JRU Library   SHELF-88-A 30/06/2016 495.00 19645 19663 Books  
    JRU Library   SHELF-88-A 30/06/2016 495.00 19645 19664 Books